000 00964nam0a22002411 4500
001 rc\2817020
005 20260407141811.0
035 _a(NLR Aleph) 006942733
090 _a5167353
_c5167353
100 _a20110915d1936 |||y0rusy50 ca
101 0 _arus
102 _aRU
105 _ay z |||||
200 1 _aНормы требований и программа по техминимуму для рабочих кожепосолочного цеха
_fНаркомпищепром СССР - Главмясо
210 _aМосква
_aЛенинград
_cПищепромиздат
_d1936
_eМосква
_gтип. Профиздата
215 _aОбл., 54, [2] с.
_d17х12 см.
710 0 1 _aСССР
_bГлавное управление мясной промышленности
_9518758
_3RU\NLR\AUTH\8810010548
801 0 _aRU
_bNLR
_gpsbo
801 1 _aRU
_bELAR
_2rusmarc
852 _aNLR
_j36-9/1366
942 _cBOOK
980 _aNB